<?xml version="1.0" encoding="UTF-8"?>
<record
    xmlns:xsi="http://www.w3.org/2001/XMLSchema-instance"
    xsi:schemaLocation="http://www.loc.gov/MARC21/slim http://www.loc.gov/standards/marcxml/schema/MARC21slim.xsd"
    xmlns="http://www.loc.gov/MARC21/slim">

  <leader>00688nam a2200169Ia 4500</leader>
  <controlfield tag="008">090124s9999    xx            000 0 und d</controlfield>
  <datafield tag="020" ind1=" " ind2=" ">
    <subfield code="a">81-88909-10-6</subfield>
  </datafield>
  <datafield tag="082" ind1=" " ind2=" ">
    <subfield code="b">44420</subfield>
  </datafield>
  <datafield tag="245" ind1=" " ind2=" ">
    <subfield code="a">DICTIONARY OF ANTHROPOLOGY &#x92E;&#x93E;&#x928;&#x935; &#x935;&#x902;&#x936; &#x936;&#x93E;&#x938;&#x94D;&#x924;&#x94D;&#x930; &#x936;&#x92C;&#x94D;&#x926;&#x915;&#x94B;&#x936;</subfield>
  </datafield>
  <datafield tag="250" ind1=" " ind2=" ">
    <subfield code="a">0</subfield>
  </datafield>
  <datafield tag="260" ind1=" " ind2=" ">
    <subfield code="b">&#x907;&#x902;&#x91F;&#x947;&#x932;&#x947;&#x909;&#x93E;&#x92F;&#x941;&#x905;&#x932; &#x92C;&#x941;&#x915; &#x92C;&#x94D;&#x92F;&#x941;&#x930;&#x94B;</subfield>
  </datafield>
  <datafield tag="300" ind1=" " ind2=" ">
    <subfield code="a">251</subfield>
  </datafield>
  <datafield tag="630" ind1=" " ind2=" ">
    <subfield code="a">DICTIONARY OF ANTHROPOLOGY &#x92E;&#x93E;&#x928;&#x935; &#x935;&#x902;&#x936; &#x936;&#x93E;&#x938;&#x94D;&#x924;&#x94D;&#x930; &#x936;&#x92C;&#x94D;&#x926;&#x915;&#x94B;&#x936;</subfield>
  </datafield>
  <datafield tag="700" ind1=" " ind2=" ">
    <subfield code="a">&#x938;&#x93E;&#x933;&#x940; &#x91A;&#x947;&#x924;&#x928; &#x936;&#x902;&#x915;&#x930;</subfield>
  </datafield>
  <datafield tag="730" ind1=" " ind2=" ">
    <subfield code="a">DICTIONARY OF ANTHROPOLOGY &#x92E;&#x93E;&#x928;&#x935; &#x935;&#x902;&#x936; &#x936;&#x93E;&#x938;&#x94D;&#x924;&#x94D;&#x930; &#x936;&#x92C;&#x94D;&#x926;&#x915;&#x94B;&#x936;</subfield>
  </datafield>
  <datafield tag="942" ind1=" " ind2=" ">
    <subfield code="c">BOOK</subfield>
  </datafield>
  <datafield tag="999" ind1=" " ind2=" ">
    <subfield code="c">110633</subfield>
    <subfield code="d">110633</subfield>
  </datafield>
  <datafield tag="952" ind1=" " ind2=" ">
    <subfield code="0">0</subfield>
    <subfield code="1">0</subfield>
    <subfield code="4">0</subfield>
    <subfield code="7">0</subfield>
    <subfield code="a">THNNWM</subfield>
    <subfield code="b">THNNWM</subfield>
    <subfield code="d">0000-00-00</subfield>
    <subfield code="g">395.00</subfield>
    <subfield code="l">0</subfield>
    <subfield code="o">44420</subfield>
    <subfield code="p">THNNWM-44420</subfield>
    <subfield code="r">2009-01-24 00:00:00</subfield>
    <subfield code="v">395.00</subfield>
    <subfield code="w">2009-01-24</subfield>
    <subfield code="y">BOOK</subfield>
  </datafield>
</record>
